<?xml version="1.0" encoding="UTF-8"?>
<collection xmlns:xsi="http://www.w3.org/2001/XMLSchema-instance" xsi:schemaLocation="http://www.loc.gov/MARC21/slim http://www.loc.gov/standards/marcxml/schema/MARC21slim.xsd" xmlns="http://www.loc.gov/MARC21/slim">
 <record>
  <leader>00000ctm a22000004a 4500</leader>
  <controlfield tag="001">UP-99796217605976319</controlfield>
  <controlfield tag="003">Buklod</controlfield>
  <controlfield tag="005">20230503092542.0</controlfield>
  <controlfield tag="006">m     o  j        </controlfield>
  <controlfield tag="007">ta</controlfield>
  <controlfield tag="008">030101s1987    xx      r    |000 u|eng d</controlfield>
  <datafield tag="035" ind1=" " ind2=" ">
   <subfield code="a">(iLib)UPD-00000368520</subfield>
  </datafield>
  <datafield tag="040" ind1=" " ind2=" ">
   <subfield code="a">ILS</subfield>
  </datafield>
  <datafield tag="041" ind1=" " ind2=" ">
   <subfield code="a">eng</subfield>
  </datafield>
  <datafield tag="090" ind1=" " ind2=" ">
   <subfield code="a">LG 995 1987 L4</subfield>
   <subfield code="b">P37</subfield>
  </datafield>
  <datafield tag="100" ind1="1" ind2=" ">
   <subfield code="a">Pasamba, Nehemias A.</subfield>
   <subfield code="e">author.</subfield>
  </datafield>
  <datafield tag="245" ind1="1" ind2="0">
   <subfield code="a">A survey of academic libraries in cities of Region V with implications for resource sharing</subfield>
   <subfield code="c">by Nehemias A. Pasamba ; Namnama P. Hidalgo, adviser ; Corazon M. Nera, reader.</subfield>
  </datafield>
  <datafield tag="264" ind1=" " ind2="1">
   <subfield code="a">Quezon City : Institute of Library Science, University of the Philippines Diliman</subfield>
   <subfield code="c">1987.</subfield>
  </datafield>
  <datafield tag="300" ind1=" " ind2=" ">
   <subfield code="a">179 leaves</subfield>
  </datafield>
  <datafield tag="500" ind1=" " ind2=" ">
   <subfield code="a">Mimeographed.</subfield>
  </datafield>
  <datafield tag="502" ind1=" " ind2=" ">
   <subfield code="a">Special Problem (Master of Library Science)--University of the Philippines Diliman</subfield>
   <subfield code="d">April 1987.</subfield>
  </datafield>
  <datafield tag="520" ind1="3" ind2=" ">
   <subfield code="a">This descriptive research aims to survey the existing facilities and services of the academic libraries in cities of Naga,Legaspi and Iriga as prospects for possible library resource sharing and cooperation in the region.</subfield>
  </datafield>
  <datafield tag="520" ind1="3" ind2=" ">
   <subfield code="a">A structured questionnaire used to collect data covers some pertinent facts relevant to resource sharing and cooperation such as library resources, processes, policies and attitudes of librarians regarding networking.  Of the 13 libraries surveyed, 12 responded.  The facts gleaned from the responses to the questionnare were verified through actual interviews.</subfield>
  </datafield>
  <datafield tag="520" ind1="3" ind2=" ">
   <subfield code="a">The academic libraries under study have adequate resources both manpower and materials which they can share with each other.  Out of the twelve libraries only four (33 percent) are understaffed while eight (66 percent) are adequately staffed with professionally trained librarians 42 (55 percent) of whom have formal library training.</subfield>
  </datafield>
  <datafield tag="520" ind1=" " ind2=" ">
   <subfield code="a">The study concludes that resource sharing and interlibrary cooperation among the academic libraries in Region V, particularly the 13 libraries in the cities of Naga, Iriga and Legaspi will materialize given the proper leadership.  The environmental, societal, institutional and personal factors are present and can contribute to the establishment of a cooperative enterprise.  Formal arrangements could be established in the areas of interlibrary lending, sharing of selection aids, cataloging projects, and serials indexing.  Possible center nodes in the cooperative enterprise are Ateneo de Naga (Naga City), University of Saint Anthony (Iriga City); and Bicol College (Legaspi City).  Specific subject specialization can be distributed among the 13 libraries surveyed as follows: AMEC, medicine; AdN, business and Bicol, history;  CSSAC, agriculture; AU, sciences and Bicol, history and culture; BC, law, education and criminology; BCAT, technology; CSI, nursing and the others, on the area that the Region V Bureau of Higher Education has assigned as a development center.</subfield>
  </datafield>
  <datafield tag="520" ind1="3" ind2=" ">
   <subfield code="a">This study recommends that a strong leadership which will initiate the programs, formalize agreements and provide continuous channels of communication should be established as a cooperative effort in the academic libraries of Region V.  Furthermore, funding for the libraries need to be augmented through increase of library fees and the tapping of funding sources.</subfield>
  </datafield>
  <datafield tag="650" ind1=" " ind2="0">
   <subfield code="a">Inter-library loan</subfield>
   <subfield code="z">Philippines</subfield>
   <subfield code="z">Bicol Region.</subfield>
  </datafield>
  <datafield tag="650" ind1=" " ind2="0">
   <subfield code="a">Library cooperation</subfield>
   <subfield code="z">Philippines</subfield>
   <subfield code="z">Bicol Region.</subfield>
  </datafield>
  <datafield tag="650" ind1=" " ind2="0">
   <subfield code="a">Library information networks</subfield>
   <subfield code="z">Philippines</subfield>
   <subfield code="z">Bicol Region.</subfield>
  </datafield>
  <datafield tag="700" ind1="1" ind2=" ">
   <subfield code="a">Hidalgo, Namnama P.</subfield>
   <subfield code="e">adviser.</subfield>
  </datafield>
  <datafield tag="700" ind1="1" ind2=" ">
   <subfield code="a">Nera, Corazon M.</subfield>
   <subfield code="e">reader.</subfield>
  </datafield>
  <datafield tag="842" ind1=" " ind2=" ">
   <subfield code="a">Thesis</subfield>
  </datafield>
  <datafield tag="905" ind1=" " ind2=" ">
   <subfield code="a">FI</subfield>
  </datafield>
  <datafield tag="905" ind1=" " ind2=" ">
   <subfield code="a">UP</subfield>
  </datafield>
  <datafield tag="852" ind1="0" ind2=" ">
   <subfield code="a">UPD</subfield>
   <subfield code="b">DLS</subfield>
   <subfield code="h">LG 995 1987 L4 P37</subfield>
  </datafield>
  <datafield tag="942" ind1=" " ind2=" ">
   <subfield code="a">Thesis</subfield>
  </datafield>
 </record>
</collection>
